[Event "Tournament 14471 - Europe Echecs"]
[Site "Europe Echecs"]
[Date "2020.07.09"]
[Round "6"]
[Time "16:36:13"]
[PlyCount "96"]
[White "PorsoughyanEri"]
[Black "NegreMaxime"]
[WhiteElo "1474"]
[BlackElo "1105"]
[Mode "WEB"]
[Result "1-0"]

1. e4 e5 2. Nf3 Nc6 3. Bc4 Bc5 4. c3 Nf6 5. d4 exd4 6. cxd4 Bb4+ 7. Bd2 Bxd2+ 8.
Nbxd2 d5 9. exd5 Nxd5 10. O-O O-O 11. Rc1 Nf6 12. Re1 Nxd4 13. Nxd4 Qxd4 14. Qc2
c6 15. Nf3 Qf4 16. Qb3 b6 17. Rc3 Bg4 18. h3 Bh5 19. Bd3 c5 20. Be2 Rfe8 21. Re3
Rxe3 22. fxe3 Qd6 23. Ng5 Bg6 24. Rd1 Qe7 25. Nf3 h6 26. Qc3 Re8 27. Nh4 Qxe3+
28. Qxe3 Rxe3 29. Bf3 Re8 30. Nxg6 fxg6 31. Kf2 Kf7 32. Bc6 Rc8 33. Bb7 Rc7 34.
Ba6 Ne4+ 35. Ke3 Nd6 36. Rxd6 g5 37. Bc4+ Ke7 38. Rd2 Kf6 39. Rf2+ Kg6 40. Bd3+
Kh5 41. g3 g4 42. Rf5+ g5 43. h4 Rg7 44. Kf2 Rg8 45. Bc4 Rg7 46. Bf7+ Rg6 47.
Rf6 gxh4 48. Rf5# {NegreMaxime est échec et mat} 1-0

[Event "Tournament 14471 - Europe Echecs"]
[Site "Europe Echecs"]
[Date "2020.07.09"]
[Round "6"]
[Time "16:36:13"]
[PlyCount "81"]
[White "BerezovskyFior"]
[Black "ChalonMaceo"]
[WhiteElo "1646"]
[BlackElo "1280"]
[Mode "WEB"]
[Result "1/2-1/2"]

1. e4 c5 2. Nf3 Nc6 3. d4 cxd4 4. Nxd4 Nf6 5. Nc3 e5 6. Nf3 Bb4 7. Bd3 d5 8.
exd5 Nxd5 9. Bd2 Bxc3 10. Bxc3 Nxc3 11. bxc3 Bg4 12. h3 Bh5 13. g4 Bg6 14. Bxg6
hxg6 15. Qxd8+ Rxd8 16. Rb1 b6 17. Nd2 f5 18. gxf5 gxf5 19. Nc4 Kf7 20. Kf1 Kf6
21. Kg2 Rc8 22. Ne3 Ne7 23. c4 f4 24. Ng4+ Kf5 25. Rhe1 Ng6 26. Rb4 Rhd8 27. Re2
Rd4 28. Rb5 Rc5 29. Rxc5 bxc5 30. Nh2 e4 31. f3 e3 32. Ng4 Rxc4 33. Nxe3+ fxe3
34. Rxe3 Rxc2+ 35. Kg3 Rxa2 36. f4 Nxf4 37. Rf3 Rg2+ 38. Kh4 Ke4 39. Rc3 Kd4 40.
Rxc5 Kxc5 {Nulle par pat} 1/2-1/2

[Event "Tournament 14471 - Europe Echecs"]
[Site "Europe Echecs"]
[Date "2020.07.09"]
[Round "6"]
[Time "16:36:13"]
[PlyCount "87"]
[White "MohamedKeziah"]
[Black "MaisonhauteLel"]
[WhiteElo "1139"]
[BlackElo "1603"]
[Mode "WEB"]
[Result "0-1"]

1. d4 Nf6 2. e3 g6 3. Nf3 Bg7 4. Bd3 O-O 5. O-O d6 6. Nbd2 Nbd7 7. b3 e5 8. dxe5
dxe5 9. Bb2 Nd5 10. c4 Nb4 11. Be2 f5 12. a3 Nc6 13. e4 Nc5 14. Qc2 f4 15. b4
Ne6 16. b5 Ncd4 17. Nxd4 Nxd4 18. Qd1 Nxe2+ 19. Qxe2 g5 20. Nf3 g4 21. Nxe5 f3
22. Qd1 fxg2 23. Qxd8 gxf1=Q+ 24. Rxf1 Rxd8 25. Re1 Rd2 26. Bc3 Rc2 27. Ba1 Be6
28. Kg2 Rf8 29. Rf1 Bxc4 30. Nxc4 Rxc4 31. Bxg7 Kxg7 32. Kg3 Rxe4 33. Rc1 Rf3+
34. Kg2 Re7 35. a4 Ref7 36. Rc2 R3f4 37. a5 R4f5 38. Rb2 h5 39. Kg1 h4 40. Kg2
Kh6 41. Kg1 Kg5 42. Kg2 h3+ 43. Kg3 Rf3# {MohamedKeziah est échec et mat} 0-1

[Event "Tournament 14471 - Europe Echecs"]
[Site "Europe Echecs"]
[Date "2020.07.09"]
[Round "6"]
[Time "16:36:13"]
[PlyCount "105"]
[White "BaderAntoine"]
[Black "MoellerJoshua"]
[WhiteElo "1330"]
[BlackElo "1486"]
[Mode "WEB"]
[Result "0-1"]

1. e4 e5 2. Nf3 Nc6 3. Bb5 Nf6 4. Nc3 d6 5. d4 exd4 6. Nxd4 Bd7 7. Nxc6 Bxc6 8.
Bxc6+ bxc6 9. O-O g6 10. Bg5 Bg7 11. Re1 O-O 12. e5 dxe5 13. Qxd8 Rfxd8 14. Rxe5
Nd5 15. Bxd8 Bxe5 16. Nxd5 cxd5 17. Bg5 Rb8 18. Rb1 Rxb2 19. Rxb2 Bxb2 20. Kf1
f6 21. Bf4 c6 22. Be3 a6 23. Ke2 Kf7 24. Kd3 Ke6 25. Bc5 Ke5 26. c3 Bc1 27. Bd4+
Ke6 28. c4 Bf4 29. g3 Be5 30. Bc5 f5 31. f4 Bf6 32. a4 h6 33. Be3 Kd6 34. c5+
Ke6 35. a5 g5 36. fxg5 hxg5 37. h3 Bd8 38. Bd2 Bf6 39. Be3 Be5 40. Bf2 Bc7 41.
Be1 f4 42. gxf4 Bxf4 43. Bf2 Kf5 44. h4 g4 45. Ke2 g3 46. Be3 Bxe3 47. Kxe3 Kg4
48. h5 Kh3 49. h6 g2 50. Kf2 Kh2 51. h7 g1=Q+ 52. Kf3 Qg7 {BaderAntoine a abandonné} 0-1

[Event "Tournament 14471 - Europe Echecs"]
[Site "Europe Echecs"]
[Date "2020.07.09"]
[Round "6"]
[Time "16:36:13"]
[PlyCount "74"]
[White "CastagnerolAmb"]
[Black "ComtePanicautJ"]
[WhiteElo "1451"]
[BlackElo "1265"]
[Mode "WEB"]
[Result "1-0"]

1. e4 e5 2. Nf3 Nc6 3. Nc3 Nf6 4. Bb5 d6 5. O-O Bg4 6. h3 Bh5 7. d3 Be7 8. Be3
O-O 9. Qe2 a6 10. Bxc6 bxc6 11. d4 exd4 12. Bxd4 d5 13. Bxf6 Bxf6 14. e5 Re8 15.
g4 Bg6 16. Rfe1 Qe7 17. exf6 Qxe2 18. Rxe2 gxf6 19. Rae1 Kg7 20. Rxe8 Rxe8 21.
Rxe8 Bxc2 22. Re7 Bd3 23. Rxc7 Be4 24. Nxe4 dxe4 25. Rxc6 exf3 26. Rxa6 Kg6 27.
b4 Kg5 28. b5 f5 29. b6 fxg4 30. hxg4 Kxg4 31. b7 h5 32. b8=Q h4 33. Ra4+ Kg5
34. Qf4+ Kg6 35. Ra6+ f6 36. Rxf6+ Kh5 37. Rh6# {ComtePanicautJ est échec et mat} 1-0

[Event "Tournament 14471 - Europe Echecs"]
[Site "Europe Echecs"]
[Date "2020.07.09"]
[Round "6"]
[Time "16:36:13"]
[PlyCount "137"]
[White "TrogerEmma"]
[Black "DecultotJacque"]
[WhiteElo "1122"]
[BlackElo "1404"]
[Mode "WEB"]
[Result "0-1"]

1. d4 Nf6 2. Bf4 d5 3. e3 e6 4. Bd3 Nbd7 5. c4 c6 6. Nc3 Be7 7. h3 a6 8. Nf3 b5
9. b3 Bb7 10. O-O Rc8 11. cxb5 cxb5 12. Rc1 O-O 13. Qd2 Qa5 14. Ne5 Bb4 15. Nxd7
Nxd7 16. Rfd1 Bxc3 17. Qe2 Bb4 18. Rc2 Nf6 19. Rdc1 Rxc2 20. Rxc2 Rc8 21. Rxc8+
Bxc8 22. Qc2 Bd7 23. Be5 Qd8 24. Bxf6 Qxf6 25. Bxh7+ Kh8 26. Bd3 Be1 27. Qe2 Bb4
28. Qh5+ Kg8 29. Qh7+ Kf8 30. Qh8+ Ke7 31. Qh5 Be1 32. Qe2 Bb4 33. Qb2 a5 34. a3
Bd6 35. Qc2 Bxa3 36. Qe2 Ke8 37. Qc2 Qd8 38. Qa2 Bb4 39. Qc2 Qb6 40. Qa2 Qc6 41.
Qe2 Qc1+ 42. Qf1 Qxf1+ 43. Kxf1 a4 44. bxa4 bxa4 45. Bb1 Kd8 46. Ba2 Kc7 47. Ke2
Kb6 48. Kd1 Bb5 49. Kc2 Ka5 50. Kb2 a3+ 51. Kb1 Bc4 52. g4 Bxa2+ 53. Kxa2 Kb5
54. f4 Kc4 55. h4 Kd3 56. g5 Kxe3 57. h5 Kxf4 58. h6 gxh6 59. gxh6 Bf8 60. h7
Bg7 61. h8=Q Bxh8 62. Kxa3 Bxd4 63. Kb3 e5 64. Kc2 Ke3 65. Kd1 f5 66. Ke1 f4 67.
Kf1 Bc3 68. Kg2 d4 {TrogerEmma a abandonné} 0-1

[Event "Tournament 14471 - Europe Echecs"]
[Site "Europe Echecs"]
[Date "2020.07.09"]
[Round "6"]
[Time "16:36:13"]
[PlyCount "103"]
[White "BocheMathis"]
[Black "BelghoulMeyer"]
[WhiteElo "1099"]
[BlackElo "1371"]
[Mode "WEB"]
[Result "0-1"]

1. d4 Nf6 2. Nf3 c5 3. d5 e6 4. d6 Qb6 5. Bf4 Qxb2 6. Nbd2 Nh5 7. Be5 Qb6 8. Rb1
Qc6 9. Nc4 f6 10. Bg3 Nxg3 11. hxg3 b5 12. Na5 Qxd6 13. Qxd6 Bxd6 14. e3 a6 15.
Be2 Bc7 16. Nb3 c4 17. Nc5 Bb6 18. Ne4 d5 19. Nd6+ Kd7 20. Nxc8 Kxc8 21. Rd1 Nc6
22. c3 Ba5 23. Kd2 b4 24. cxb4 Bxb4+ 25. Kc2 Ba5 26. Nd4 Nb4+ 27. Kb2 Kd7 28. a3
Nc6 29. Nxc6 Kxc6 30. a4 Rab8+ 31. Ka3 Bb4+ 32. Ka2 Kc5 33. Rb1 a5 34. Rb2 h6
35. Rhb1 Rb6 36. Bf3 Rhb8 37. e4 d4 38. Bg4 e5 39. f4 c3 40. Rb3 Kc4 41. Be2+ d3
42. Bf1 Kd4 43. fxe5 fxe5 44. Rd1 d2 45. Be2 c2 46. Rd3+ Kxe4 47. R3xd2 Bxd2 48.
Rxd2 c1=Q 49. Bf3+ Kf5 50. Be4+ Kg5 51. Rd5 Qb2# {BocheMathis est échec et mat} 0-1

[Event "Tournament 14471 - Europe Echecs"]
[Site "Europe Echecs"]
[Date "2020.07.09"]
[Round "6"]
[Time "16:36:13"]
[PlyCount "52"]
[White "GerardKelian"]
[Black "FaidoliYannis"]
[WhiteElo "1056"]
[BlackElo "1333"]
[Mode "WEB"]
[Result "1-0"]

1. d4 c5 2. c4 cxd4 3. Qxd4 Nc6 4. Qd1 g6 5. Nc3 Bg7 6. e4 Nf6 7. Nf3 O-O 8. Be3
d6 9. h3 Qa5 10. Bd3 Nb4 11. a3 Nxd3+ 12. Qxd3 Be6 13. O-O-O Rfc8 14. Nd5 Bxd5
15. exd5 Qc7 16. Nd2 a6 17. a4 Qd7 18. b3 b5 19. a5 Qb7 20. Bb6 bxc4 21. Nxc4
Nd7 22. Kd2 Nf6 23. h4 Qxd5 24. Qxd5 Nxd5 25. Ke2 Bc3 26. Rxd5 {FaidoliYannis a abandonné} 1-0

[Event "Tournament 14471 - Europe Echecs"]
[Site "Europe Echecs"]
[Date "2020.07.09"]
[Round "6"]
[Time "16:36:13"]
[PlyCount "45"]
[White "CeroniArnaud"]
[Black "CaullychurnEth"]
[WhiteElo "1471"]
[BlackElo "1125"]
[Mode "WEB"]
[Result "1-0"]

1. Nf3 Nc6 2. d4 d5 3. Bf4 Bg4 4. h3 Bxf3 5. exf3 e6 6. c4 Qf6 7. cxd5 exd5 8.
Bxc7 Qxd4 9. Qxd4 Nxd4 10. Bd3 Rc8 11. Be5 Nc2+ 12. Bxc2 Rxc2 13. O-O f6 14. Bc3
Re2 15. Nd2 Bd6 16. Nb3 Ne7 17. Nd4 Re5 18. Nb5 Rf5 19. Nxd6+ Kf8 20. Nxf5 Nxf5
21. Rad1 Kf7 22. Rxd5 Re8 {CaullychurnEth a abandonné} 1-0

[Event "Tournament 14471 - Europe Echecs"]
[Site "Europe Echecs"]
[Date "2020.07.09"]
[Round "6"]
[Time "16:36:13"]
[PlyCount "133"]
[White "NezosiConstant"]
[Black "BuetClovis"]
[WhiteElo "1458"]
[BlackElo "1251"]
[Mode "WEB"]
[Result "0-1"]

1. d4 d5 2. c4 e6 3. Nc3 Nf6 4. Nf3 c5 5. Bg5 cxd4 6. Nxd4 Be7 7. Nf3 O-O 8. e3
dxc4 9. Qxd8 Rxd8 10. Bxc4 Nc6 11. O-O b6 12. Rad1 Bb7 13. Bb5 Rac8 14. Ne5 Nxe5
15. Bxf6 Bxf6 16. f4 Ng4 17. Rxd8+ Rxd8 18. Nd1 g6 19. h3 Nh6 20. g4 g5 21. Nf2
Bxb2 22. fxg5 Nxg4 23. Nxg4 Rd5 24. Nh6+ Kg7 25. Rxf7+ Kg6 26. Rxb7 Rxg5+ 27.
Kf2 Rxb5 28. Ng4 a5 29. Rb8 h5 30. Rg8+ Kf7 31. Nh6+ Kf6 32. Rg2 Bc1 33. Ng8+
Kf5 34. Ne7+ Ke4 35. Kg1 Bxe3+ 36. Kh2 Bf4+ 37. Kg1 Rb1+ 38. Kf2 Rb2+ 39. Kf1
Rxg2 40. Kxg2 h4 41. Ng6 Bg3 42. Ne7 Kd4 43. Nc6+ Kc5 44. Ne7 e5 45. Nf5 Be1 46.
Kf3 b5 47. Ke2 Bg3 48. Kf3 Kd5 49. Nxg3 hxg3 50. Kxg3 e4 51. Kf4 b4 52. h4 a4
53. h5 b3 54. axb3 axb3 55. h6 b2 56. h7 b1=Q 57. h8=Q Qf1+ 58. Kg5 Qg2+ 59. Kf6
Qb2+ 60. Kf5 Qxh8 61. Kg6 e3 62. Kf5 e2 63. Kf4 e1=R 64. Kg4 Qf8 65. Kg5 Rg1+
66. Kh4 Qh8# {NezosiConstant est échec et mat} 0-1

[Event "Tournament 14471 - Europe Echecs"]
[Site "Europe Echecs"]
[Date "2020.07.09"]
[Round "6"]
[Time "16:36:13"]
[PlyCount "87"]
[White "CoindreauElsa"]
[Black "MendozaMael"]
[WhiteElo "1248"]
[BlackElo "1451"]
[Mode "WEB"]
[Result "1/2-1/2"]

1. e4 c5 2. Nf3 d6 3. d4 cxd4 4. Nxd4 Nf6 5. Nc3 a6 6. Bd3 e5 7. Nf3 Be7 8. O-O
O-O 9. Be3 Be6 10. Re1 Nc6 11. Ng5 Bd7 12. f4 h6 13. Nf3 Rc8 14. Nd5 Nxd5 15.
exd5 exf4 16. Bxf4 Nb4 17. Be4 f5 18. Qe2 fxe4 19. Qxe4 Nxc2 20. Qxe7 Nxa1 21.
Qxd8 Rfxd8 22. Rxa1 Bf5 23. Nd4 Rc4 24. Nxf5 Rxf4 25. Ne7+ Kf7 26. Re1 Re8 27.
g3 Rf6 28. b4 Rxe7 29. Rxe7+ Kxe7 30. a4 g5 31. h4 Rf5 32. hxg5 Rxg5 33. Kf2
Rxd5 34. Kf3 Kf6 35. Kf4 Rd4+ 36. Ke3 Ke5 37. Kf3 Kf5 38. Ke3 Rg4 39. Kf3 d5 40.
b5 axb5 41. axb5 b6 42. Ke3 Rxg3+ 43. Kd4 Ke6 {Nulle par pat} 1/2-1/2

[Event "Tournament 14471 - Europe Echecs"]
[Site "Europe Echecs"]
[Date "2020.07.09"]
[Round "6"]
[Time "16:36:13"]
[PlyCount "153"]
[White "SemenovTimour"]
[Black "DumonteilDimit"]
[WhiteElo "1227"]
[BlackElo "1439"]
[Mode "WEB"]
[Result "0-1"]

1. e4 c5 2. Nc3 d6 3. g3 g6 4. Bg2 Bg7 5. Nge2 Nc6 6. d3 Nf6 7. O-O O-O 8. f4
Nd7 9. h3 Nb6 10. g4 e6 11. Ng3 d5 12. f5 Bd4+ 13. Kh1 Qd6 14. Bf4 Be5 15. Qf3
Nd4 16. Bxe5 Qxe5 17. Qf4 Qxf4 18. Rxf4 dxe4 19. Bxe4 Rb8 20. Rc1 Kg7 21. Nge2
exf5 22. gxf5 Nxf5 23. Bxf5 Bxf5 24. Rg1 Bxh3 25. Rg5 Rbc8 26. Ne4 Nd7 27. Rh4
Be6 28. N2c3 b6 29. Nb5 Ra8 30. Nc7 Rac8 31. Nb5 Ra8 32. Nc7 Rac8 33. Nxe6+ fxe6
34. Nd6 Rc6 35. Nb5 a6 36. Na3 Nf6 37. Nc4 Nd5 38. Ne5 Rd6 39. Nc4 Rf2 40. Ne5
Rxc2 41. Nc4 Rc1+ 42. Kh2 Ra1 43. Nxd6 Rxa2 44. Re4 Rxb2+ 45. Rg2 Rxg2+ 46. Kxg2
Kf6 47. Ne8+ Ke7 48. Nc7 Nxc7 49. Ra4 a5 50. Ra1 Nd5 51. Rb1 Nb4 52. Rb3 Kd6 53.
Kf3 Kd5 54. Ke3 e5 55. Kd2 a4 56. Ra3 b5 57. Kc3 Nc6 58. Ra1 b4+ 59. Kd2 a3 60.
Rh1 Nd4 61. Rxh7 a2 62. Rh2 Nf3+ 63. Ke3 Nxh2 64. Kd2 a1=Q 65. Ke3 Qd4+ 66. Kd2
Qc3+ 67. Ke2 Qc2+ 68. Ke3 Ng4+ 69. Kf3 Qxd3+ 70. Kxg4 Qf5+ 71. Kg3 Qf4+ 72. Kg2
Qe3 73. Kh2 Qg5 74. Kh1 Ke4 75. Kh2 Kf3 76. Kh1 Qg2# {SemenovTimour est échec et mat} 0-1

[Event "Tournament 14471 - Europe Echecs"]
[Site "Europe Echecs"]
[Date "2020.07.09"]
[Round "6"]
[Time "16:36:13"]
[PlyCount "133"]
[White "YaghiLeen"]
[Black "DelageKenael"]
[WhiteElo "1438"]
[BlackElo "1223"]
[Mode "WEB"]
[Result "0-1"]

1. e4 c6 2. d4 d5 3. Nc3 dxe4 4. Nxe4 Bf5 5. Ng3 Bg6 6. h4 h6 7. Nf3 Nf6 8. h5
Bh7 9. Bd3 Bxd3 10. Qxd3 e6 11. Bf4 Be7 12. O-O-O O-O 13. Kb1 Nbd7 14. Ne4 Nd5
15. Bd2 b5 16. c4 bxc4 17. Qxc4 Qb6 18. Rc1 Rfb8 19. Rc2 Rc8 20. Rhc1 Rab8 21.
Nc5 N7f6 22. Ne5 Bxc5 23. Qxc5 Qxc5 24. Rxc5 Ne4 25. R5c2 Nxd2+ 26. Rxd2 Rb6 27.
Rdc2 Ne7 28. Nc4 Rb4 29. Nd6 Rd8 30. Ne4 Rbxd4 31. Nc5 Rc8 32. a3 Rd5 33. g4 Rg5
34. Rc4 Kh7 35. Rd1 Nd5 36. f4 Rxg4 37. Nd3 Ne3 38. Rcc1 Nxd1 39. Rxd1 Rh4 40.
Rc1 Rxh5 41. Ne5 f6 42. Nf7 Rh4 43. Nd6 Rc7 44. f5 e5 45. Nb5 Rb7 46. Nd6 Rd7
47. Rxc6 Rh1+ 48. Ka2 Rd1 49. Nc4 Rc1 50. b3 Rf1 51. Kb2 Rxf5 52. Ne3 Rf2+ 53.
Kc3 Rf3 54. Kc2 Rxe3 55. Rc4 Re2+ 56. Kc1 Re1+ 57. Kc2 Red1 58. Rc5 R7d2+ 59.
Kc3 e4 60. Rc4 e3 61. Re4 e2 62. Kb4 Rd4+ 63. Rxd4 Rxd4+ 64. Kc3 Re4 65. Kc2
e1=Q 66. Kb2 Re2# {YaghiLeen est échec et mat} 0-1

[Event "Tournament 14471 - Europe Echecs"]
[Site "Europe Echecs"]
[Date "2020.07.09"]
[Round "6"]
[Time "16:36:13"]
[PlyCount "208"]
[White "AlunniBagarell"]
[Black "CombaudonCypri"]
[WhiteElo "1214"]
[BlackElo "1437"]
[Mode "WEB"]
[Result "1/2-1/2"]

1. e4 e6 2. d4 d5 3. e5 c5 4. Nf3 cxd4 5. Nxd4 Nc6 6. Bf4 Qb6 7. Bb5 Bd7 8. c3
Nxd4 9. Bxd7+ Kxd7 10. Qxd4 Qxb2 11. Qa4+ Kd8 12. O-O Qxa1 13. Qb3 Rc8 14. Rc1
Rc6 15. Na3 Qxc1+ 16. Bxc1 Rb6 17. Qc2 Nh6 18. Bxh6 gxh6 19. c4 Bxa3 20. g3 Rc6
21. Qc3 Be7 22. Qa5+ Kd7 23. cxd5 exd5 24. Qxd5+ Ke8 25. Qd4 Bc5 26. Qg4 Ke7 27.
Qg7 Rd8 28. Qxh7 Rd2 29. Qb1 Bxf2+ 30. Kf1 Bb6 31. Qb4+ Rcd6 32. exd6+ Rxd6 33.
Qe4+ Kf8 34. Qxb7 Rf6+ 35. Kg2 Rf2+ 36. Kh3 Rxa2 37. Qc6 Rb2 38. Qxh6+ Ke8 39.
Qg5 Rb4 40. Qe5+ Kd7 41. Qg5 Ke6 42. Qd2 Rd4 43. Qe2+ Kf6 44. g4 Kg7 45. Kh4 Kf8
46. h3 Rd8 47. Kh5 Re8 48. Qd3 Re6 49. g5 Re5 50. h4 Re6 51. Qf3 Rg6 52. Qa8+
Kg7 53. Qc8 Re6 54. Qc3+ Kf8 55. Qh8+ Ke7 56. Qc3 Rg6 57. Qc8 Re6 58. Qc1 Rg6
59. Qf1 Re6 60. Kg4 Re4+ 61. Kf5 Re6 62. h5 f6 63. g6 Re5+ 64. Kg4 Rg5+ 65. Kh4
Bd4 66. h6 Rxg6 67. h7 Rh6+ 68. Kg4 Rxh7 69. Qe2+ Be5 70. Qa2 Rg7+ 71. Kf5 Rg5+
72. Ke4 Rg4+ 73. Kf3 Rf4+ 74. Kg3 Rd4+ 75. Kg2 Kd6 76. Qxa7 Rd2+ 77. Kh3 Rd3+
78. Kh4 Rd4+ 79. Kh5 Kd5 80. Qd7+ Ke4 81. Qe6 Ke3 82. Kg6 Rf4 83. Qb6+ Kf3 84.
Qb3+ Ke4 85. Qb4+ Kf3 86. Qb6 Rg4+ 87. Kh5 Rf4 88. Qb3+ Ke4 89. Qc2+ Kd5 90.
Qd2+ Ke6 91. Qa2+ Kd6 92. Qd2+ Rd4 93. Qa2 Ke7 94. Qa7+ Ke6 95. Qa8 Rf4 96. Qa2+
Kf5 97. Qc2+ Ke6 98. Qb3+ Ke7 99. Qa3+ Bd6 100. Qe3+ Be5 101. Qc5+ Ke6 102. Qc6+
Kf5 103. Qg2 Ke6 104. Qa2+ {Nulle par répétition} 1/2-1/2

[Event "Tournament 14471 - Europe Echecs"]
[Site "Europe Echecs"]
[Date "2020.07.09"]
[Round "6"]
[Time "16:36:13"]
[PlyCount "124"]
[White "DibyJulien"]
[Black "PiquardYarosla"]
[WhiteElo "1205"]
[BlackElo "1415"]
[Mode "WEB"]
[Result "1/2-1/2"]

1. e4 c6 2. d4 d5 3. exd5 cxd5 4. Bd3 Nf6 5. h3 e6 6. Nf3 Bd7 7. O-O a6 8. Re1
Be7 9. Nbd2 O-O 10. Ne5 Nc6 11. Ndf3 Bd6 12. Bf4 Be8 13. c3 Bxe5 14. Bxe5 Nxe5
15. Nxe5 Nd7 16. Qh5 g6 17. Qg4 Nxe5 18. dxe5 h5 19. Qf4 Kg7 20. g4 hxg4 21.
hxg4 Rh8 22. Kg2 g5 23. Qf3 Bc6 24. Rh1 d4 25. Be4 Bxe4 26. Qxe4 dxc3 27. bxc3
Qd5 28. Qxd5 exd5 29. Rhd1 Rad8 30. Rab1 b5 31. Kg3 Rhe8 32. f4 f6 33. Re1 gxf4+
34. Kxf4 fxe5+ 35. Rxe5 Rf8+ 36. Ke3 Kf6 37. Kd4 Rg8 38. Rf1+ Kg6 39. Rxd5 Rxd5+
40. Kxd5 Kg5 41. Kc6 Rg6+ 42. Kc5 Re6 43. Kb4 Kxg4 44. Ka5 Rc6 45. Kb4 Rc4+ 46.
Kb3 a5 47. Rg1+ Kf5 48. Re1 a4+ 49. Kb2 b4 50. cxb4 Rxb4+ 51. Ka3 Rh4 52. Rb1
Ke6 53. Rb4 Rxb4 54. Kxb4 Kd6 55. Kxa4 Ke6 56. Kb5 Kd7 57. Kb6 Kc8 58. a4 Kb8
59. a5 Ka8 60. a6 Kb8 61. a7+ Ka8 62. Ka6 {Nulle par pat} 1/2-1/2

[Event "Tournament 14471 - Europe Echecs"]
[Site "Europe Echecs"]
[Date "2020.07.09"]
[Round "6"]
[Time "16:36:13"]
[PlyCount "104"]
[White "KouamMaelis"]
[Black "PernotMael"]
[WhiteElo "1182"]
[BlackElo "1407"]
[Mode "WEB"]
[Result "1-0"]

1. c4 e5 2. g3 Bc5 3. Bg2 Nc6 4. Nc3 Nf6 5. Nf3 d6 6. O-O O-O 7. e3 Be6 8. d4
exd4 9. exd4 Bxc4 10. dxc5 Bxf1 11. Qxf1 dxc5 12. Be3 Nd4 13. Rd1 Nxf3+ 14. Bxf3
Qe7 15. Bxb7 Rab8 16. Qa6 Ng4 17. Nd5 Qe6 18. Bxc5 Rfd8 19. Ne7+ Kh8 20. Rxd8+
Rxd8 21. Qxe6 fxe6 22. b4 Rd2 23. a4 Ra2 24. a5 g6 25. Bc8 Re2 26. Bd4+ e5 27.
Bxa7 e4 28. Bxg4 Re1+ 29. Kg2 h5 30. Nxg6+ Kg7 31. Bxh5 Kh6 32. Nf4 Rb1 33. Bc5
Rb2 34. Bg6 e3 35. Bxe3 Rxb4 36. Nd3+ Kxg6 37. Nxb4 Kf7 38. a6 Ke6 39. a7 Kd7
40. a8=Q Ke6 41. h4 Kf5 42. Qg8 Ke5 43. h5 Kd6 44. h6 c5 45. h7 cxb4 46. h8=Q
Kc6 47. Qh6+ Kb5 48. Qgg5+ Ka4 49. Qa6+ Kb3 50. Qd5+ Kb2 51. Qaa2+ Kc3 52. Qd4# {PernotMael est échec et mat} 1-0

[Event "Tournament 14471 - Europe Echecs"]
[Site "Europe Echecs"]
[Date "2020.07.09"]
[Round "6"]
[Time "16:36:13"]
[PlyCount "35"]
[White "BennounaGreene"]
[Black "MicheliElora"]
[WhiteElo "1156"]
[BlackElo "1394"]
[Mode "WEB"]
[Result "0-1"]

1. d4 Nf6 2. Bf4 c5 3. Nf3 e6 4. e3 Nc6 5. c4 Nh5 6. Bg3 Nxg3 7. hxg3 cxd4 8.
Nxd4 Bb4+ 9. Nc3 Bxc3+ 10. bxc3 d5 11. cxd5 Qxd5 12. Nxc6 Qxc6 13. Qd4 O-O 14.
Bd3 h6 15. Qe4 Qxc3+ 16. Ke2 f5 17. Qxe6+ Bxe6 {BennounaGreene a abandonné} 0-1

[Event "Tournament 14471 - Europe Echecs"]
[Site "Europe Echecs"]
[Date "2020.07.09"]
[Round "6"]
[Time "16:36:13"]
[PlyCount "46"]
[White "LeclercqRobin"]
[Black "BassingCassand"]
[WhiteElo "1392"]
[BlackElo "1191"]
[Mode "WEB"]
[Result "1-0"]

1. d4 d5 2. c4 e6 3. Nc3 Nf6 4. Bg5 Be7 5. Nf3 Nbd7 6. e3 b6 7. Be2 Bb7 8. O-O
O-O 9. Rc1 c5 10. cxd5 exd5 11. Bb5 Rc8 12. Ne5 h6 13. Nxd7 Nxd7 14. Bxe7 Qxe7
15. dxc5 Nxc5 16. Nxd5 Bxd5 17. Qxd5 Rfd8 18. Qf3 Ne4 19. Rxc8 Rxc8 20. Bd3 Nd2
21. Qf5 Rc5 22. Qh7+ Kf8 23. Qh8# {BassingCassand est échec et mat} 1-0

[Event "Tournament 14471 - Europe Echecs"]
[Site "Europe Echecs"]
[Date "2020.07.09"]
[Round "6"]
[Time "16:36:13"]
[PlyCount "55"]
[White "LhubertPierre"]
[Black "PousVictor"]
[WhiteElo "1390"]
[BlackElo "1167"]
[Mode "WEB"]
[Result "1-0"]

1. e4 e6 2. Nc3 d5 3. Nf3 Nf6 4. d3 Bc5 5. Bf4 Nc6 6. Be2 O-O 7. O-O Re8 8. Re1
d4 9. Na4 Bb4 10. c3 dxc3 11. bxc3 Ba5 12. Rb1 b5 13. Nb2 Bxc3 14. Rf1 Nd4 15.
Nxd4 Qxd4 16. Be3 Qe5 17. f4 Qd6 18. Qc2 Bxb2 19. Rxb2 e5 20. Rxb5 Qe6 21. Rxe5
Qd7 22. Rc5 Ng4 23. Rf3 Qe6 24. Rg3 Rb8 25. Bxg4 Qg6 26. Bxc8 Qxg3 27. hxg3
Rbxc8 {PousVictor a abandonné} 1-0

[Event "Tournament 14471 - Europe Echecs"]
[Site "Europe Echecs"]
[Date "2020.07.09"]
[Round "6"]
[Time "16:36:13"]
[PlyCount "49"]
[White "SherpaHaarSchm"]
[Black "PenarrubiaMaxi"]
[WhiteElo "1150"]
[BlackElo "1380"]
[Mode "WEB"]
[Result "0-1"]

1. e4 e6 2. d4 d5 3. exd5 exd5 4. Nc3 c5 5. Nf3 cxd4 6. Qxd4 Nf6 7. Bg5 Be7 8.
O-O-O Be6 9. Bb5+ Bd7 10. Bxd7+ Qxd7 11. Ne5 Qd6 12. Rhe1 O-O 13. Nxd5 Nxd5 14.
Bxe7 Qxe7 15. Qxd5 Rd8 16. Qa5 Rxd1+ 17. Kxd1 f6 18. Nc4 Qd7+ 19. Kc1 Nc6 20.
Qa4 Re8 21. Rd1 Qe6 22. Qb3 Rd8 23. Rxd8+ Nxd8 24. f3 Qe1# {SherpaHaarSchm est échec et mat} 0-1

[Event "Tournament 14471 - Europe Echecs"]
[Site "Europe Echecs"]
[Date "2020.07.09"]
[Round "6"]
[Time "16:36:13"]
[PlyCount "58"]
[White "OumerWalid"]
[Black "PommereulEmma"]
[WhiteElo "1365"]
[BlackElo "1161"]
[Mode "WEB"]
[Result "1-0"]

1. e4 e5 2. Nf3 Nc6 3. Bc4 Bc5 4. c3 Nf6 5. d3 d6 6. O-O Bg4 7. h3 Bh5 8. Be3
Bb6 9. Bxb6 axb6 10. Nbd2 d5 11. exd5 Nxd5 12. Re1 O-O 13. Nf1 Re8 14. Ng3 Bg6
15. d4 e4 16. Nd2 e3 17. Bxd5 exd2 18. Rxe8+ Qxe8 19. Qxd2 Rd8 20. Re1 Qd7 21.
Bb3 Na5 22. Ne4 Nxb3 23. axb3 Re8 24. Ng3 c5 25. Rxe8+ Qxe8 26. Qe2 Qd7 27. Qe5
cxd4 28. Qb8+ Qe8 29. Qxe8# {PommereulEmma est échec et mat} 1-0

[Event "Tournament 14471 - Europe Echecs"]
[Site "Europe Echecs"]
[Date "2020.07.09"]
[Round "6"]
[Time "16:36:13"]
[PlyCount "75"]
[White "VerdierSolene"]
[Black "HammGabrielle"]
[WhiteElo "1150"]
[BlackElo "1359"]
[Mode "WEB"]
[Result "0-1"]

1. e4 c5 2. Bc4 d6 3. Nf3 Nc6 4. Nc3 Nf6 5. O-O e6 6. d3 Be7 7. Be3 a6 8. a4 O-O
9. Qe2 d5 10. exd5 exd5 11. Nxd5 Nxd5 12. c3 Nxe3 13. fxe3 Bg4 14. h3 Bxf3 15.
Qxf3 Bf6 16. Rad1 Re8 17. e4 Ne5 18. Qe2 Nxc4 19. dxc4 Qc7 20. Rfe1 Rad8 21. Qh5
Qe5 22. Qxe5 Bxe5 23. Rc1 Rd2 24. Rb1 Red8 25. a5 f6 26. Kh1 Kf7 27. Kg1 Ke6 28.
Kh1 Bg3 29. Kg1 Bxe1 30. Rxe1 Rd1 31. Rxd1 Rxd1+ 32. Kf2 Rd2+ 33. Ke1 Rxb2 34.
Kf1 Ke5 35. Ke1 Kxe4 36. g4 Kd3 37. Kd1 Rb1# {VerdierSolene est échec et mat} 0-1

[Event "Tournament 14471 - Europe Echecs"]
[Site "Europe Echecs"]
[Date "2020.07.09"]
[Round "6"]
[Time "16:36:13"]
[PlyCount "99"]
[White "SansoneAlessio"]
[Black "FalipMoralesTo"]
[WhiteElo "1075"]
[BlackElo "1344"]
[Mode "WEB"]
[Result "0-1"]

1. c4 e6 2. Nc3 d5 3. cxd5 exd5 4. g3 d4 5. Nb5 a6 6. Na3 Nf6 7. b3 Bf5 8. Nf3
c5 9. Bg2 Nc6 10. O-O Bd6 11. d3 O-O 12. Bg5 h6 13. Bd2 Re8 14. Re1 Qd7 15. Qc2
Rac8 16. Nh4 Bh7 17. Nc4 b5 18. Nxd6 Qxd6 19. Bf4 Qe6 20. Qxc5 g5 21. Bxg5 hxg5
22. Qxg5+ Kh8 23. Nf5 Qxf5 24. Qxf5 Bxf5 25. Rac1 Nb4 26. Rxc8 Rxc8 27. a3 Nbd5
28. Bxd5 Nxd5 29. e4 dxe3 30. fxe3 Bxd3 31. Rd1 Be4 32. Kf2 Rc2+ 33. Ke1 Nxe3
34. Rd8+ Kg7 35. Rd2 Rxd2 36. Kxd2 Nf1+ 37. Ke2 Nxh2 38. Ke3 Bc2 39. b4 Ba4 40.
Kf4 Nf1 41. Ke5 Nxg3 42. Kd5 Kg6 43. Kc5 f5 44. Kb6 f4 45. Kxa6 f3 46. Kb6 f2
47. Kc5 f1=Q 48. Kd4 Qf6+ 49. Ke3 Qe5+ {SansoneAlessio a abandonné} 0-1